000
00228nam a2200097Ia 4500
008
190216s9999||||xx |||||||||||||| ||und||
100
_a
Chithambaram K S
245
0
_a
Hindi-Hindi Kavithayem
260
_b
Nbs Kottayam
942
_c
BK
999
_c
17521
_d
17521